000
00279nam a2200121Ia 4500
005
20251222144753.0
008
251222s9999||||xx |||||||||||||| ||spa||
082
_a
246.41/S68
100
_a
Soria, José Luis
245
0
_a
Paternidad Responsable
264
_b
Rialp
942
_c
LIB
999
_c
19407
_d
19407